| 000 | 00691nam a2200229 4500 | ||
|---|---|---|---|
| 001 | 2638 | ||
| 005 | 20181127165418.0 | ||
| 008 | 850510s1984 nyua b 001 0 eng | ||
| 010 | _a 83046080 | ||
| 020 |
_a0465075614 _c |
||
| 100 | 1 | _aPiore, Michael J. | |
| 245 | 1 | 4 |
_aThe second industrial divide : _bpossibilities for prosperity / _cMichael J. Piore & Charles F. Sabel. |
| 260 |
_aNew York : _bBasic Books, _cc1984. |
||
| 300 |
_aix, 355 p. : _bill. ; _c24 cm. |
||
| 500 | _aIncludes index. | ||
| 504 | _aBibliography: p. 309-343. | ||
| 650 | 0 | _aCorporations. | |
| 650 | 0 | _aEconomic policy. | |
| 650 | 0 | _aIndustrialization. | |
| 650 | 0 | _aMass production. | |
| 700 | 1 | _aSabel, Charles F. | |
| 999 |
_c2102 _d2102 |
||